[Event "IECG WC.2005.F.00007 email"]
[Site "IECG email"]
[Date "2006.06.05"]
[Round "?"]
[White "Heyn, Wolfgang"]
[Black "Kabachev, Andrey Nikolaevich"]
[Result "1/2-1/2"]
[WhiteElo "2130"]
[BlackElo "2160"]
[PlyCount "61"]
[EventDate "2006.06.05"]
[EventType "tourn (corr)"]
[EventRounds "14"]
[SourceTitle "Corr 2008"]
[Source "ChessBase"]
[SourceDate "2008.06.24"]
[SourceVersion "1"]
[SourceVersionDate "2008.06.24"]
[SourceQuality "1"]

1. e4 c5 2. c3 d5 3. exd5 Qxd5 4. d4 Nf6 5. Nf3 Nc6 6. Be2 cxd4 7. cxd4 e6 8. 0-0 Be7 9. Nc3 Qd6 10. Nb5 Qd8 11. Bf4 Nd5 12. Bg3 a6 13. Nc3 0-0 14. Ne5 Nxc3 15. bxc3 Nxe5 16. Bxe5 Bd6 17. Bxd6 Qxd6 18. Bd3 Rb8 19. a4 Bd7 20. Bc2 g6 21. Qd3 Rfc8 22. Rfc1 b5 23. axb5 axb5 24. h3 Rc7 25. Bb3 Qf4 26. Rc2 Bc6 27. Re1 Ra8 28. Qd2 Qd6 29. Qg5 Ra3 30. Rb2 Be4 31. Qxb5 1/2-1/2

[Event "IECG WC.2005.F.00007 email"]
[Site "IECG email"]
[Date "2006.06.05"]
[Round "?"]
[White "Kabachev, Andrey Nikolaevich"]
[Black "Oestergaard, Allan"]
[Result "1-0"]
[WhiteElo "2160"]
[BlackElo "2115"]
[PlyCount "111"]
[EventDate "2006.06.05"]
[EventType "tourn (corr)"]
[EventRounds "14"]
[SourceTitle "Corr 2008"]
[Source "ChessBase"]
[SourceDate "2008.06.24"]
[SourceVersion "1"]
[SourceVersionDate "2008.06.24"]
[SourceQuality "1"]

1. d4 Nf6 2. c4 g6 3. Nc3 Bg7 4. e4 d6 5. f3 0-0 6. Be3 c5 7. Nge2 Nc6 8. d5 Na5 9. Nc1 Nd7 10. Qd2 Ne5 11. b3 f5 12. Be2 fxe4 13. fxe4 e6 14. Bg5 Qe8 15. Rb1 a6 16. Nd3 Nxd3+ 17. Qxd3 Bxc3+ 18. Qxc3 exd5 19. Rf1 Nc6 20. cxd5 Rxf1+ 21. Kxf1 Qxe4 22. Re1 Qd4 23. Qxd4 Nxd4 24. Bf4 Bg4 25. Bxg4 Rf8 26. Re4 g5 27. g3 gxf4 28. gxf4 a5 29. Kf2 Kf7 30. Ke3 Kf6 31. h3 b5 32. Kd3 b4 33. Re1 Rg8 34. Re3 h6 35. Re1 h5 36. Bxh5 Rg2 37. Re8 Rxa2 38. Rf8+ Kg7 39. Rf7+ Kg8 40. Rd7 Nxb3 41. Rxd6 a4 42. Rd8+ Kg7 43. Rd7+ Kh6 44. Bg4 Rd2+ 45. Ke3 Kg6 46. h4 Rg2 47. h5+ Kf6 48. Be6 Rg7 49. Rxg7 Kxg7 50. d6 Nd4 51. f5 b3 52. d7 Nc6 53. Kd2 Nd8 54. Bd5 b2 55. Kc2 a3 56. Kb1 1-0

[Event "IECG WC.2005.F.00007 email"]
[Site "IECG email"]
[Date "2006.06.05"]
[Round "?"]
[White "Orsolic, Marijan"]
[Black "Kabachev, Andrey Nikolaevich"]
[Result "1/2-1/2"]
[WhiteElo "2159"]
[BlackElo "2160"]
[PlyCount "69"]
[EventDate "2006.06.05"]
[EventType "tourn (corr)"]
[EventRounds "14"]
[SourceTitle "Corr 2008"]
[Source "ChessBase"]
[SourceDate "2008.06.24"]
[SourceVersion "1"]
[SourceVersionDate "2008.06.24"]
[SourceQuality "1"]

1. e4 c5 2. c3 d5 3. exd5 Qxd5 4. d4 Nf6 5. Nf3 Nc6 6. Be3 cxd4 7. cxd4 e6 8. Nc3 Qd6 9. a3 Be7 10. Bd3 0-0 11. Qc2 Bd7 12. 0-0 Rac8 13. Rad1 Rfd8 14. Rfe1 Be8 15. Bc1 h6 16. Qe2 Bf8 17. Bb1 g6 18. Ba2 Ne7 19. Ne5 Bg7 20. Qf3 Ned5 21. Qh3 Qf8 22. Rd3 Bc6 23. Rg3 Rc7 24. Bb1 Ne7 25. Be3 a6 26. Qh4 Ne8 27. Rh3 Nd6 28. Bxh6 Bxh6 29. Qxh6 Qxh6 30. Rxh6 Kg7 31. Rh3 Ndf5 32. Bxf5 Nxf5 33. Rd1 Rxd4 34. Rxd4 Nxd4 35. Rd3 1/2-1/2

[Event "IECG WC.2008.S.00011"]
[Site "IECG email"]
[Date "2005.07.17"]
[Round "?"]
[White "Kabachev, Andrey Nikolaevich"]
[Black "Burkett, Max"]
[Result "1-0"]
[WhiteElo "2186"]
[BlackElo "2161"]
[PlyCount "43"]
[EventDate "2005.07.17"]
[EventType "tourn (corr)"]
[EventRounds "6"]
[SourceTitle "Corr 2008"]
[Source "ChessBase"]
[SourceDate "2008.06.24"]
[SourceVersion "1"]
[SourceVersionDate "2008.06.24"]
[SourceQuality "1"]

1. d4 f5 2. g3 e6 3. Bg2 Nf6 4. c4 Be7 5. Nh3 0-0 6. 0-0 d6 7. b3 Qe8 8. Bb2 Bd8 9. Nf4 Na6 10. Nd3 c6 11. Nd2 Bc7 12. e4 e5 13. Re1 exd4 14. Bxd4 Qf7 15. e5 dxe5 16. Nxe5 Bxe5 17. Bxe5 Re8 18. Nf3 Nc5 19. Ng5 Qf8 20. Bxf6 Rxe1+ 21. Qxe1 Qxf6 22. Qe8+ 1-0

[Event "IECG WC.2008.P.00020 email"]
[Site "IECG email"]
[Date "2004.03.05"]
[Round "?"]
[White "Evans, Gordon R"]
[Black "Kabachev, Andrey Nikolaevich"]
[Result "1/2-1/2"]
[WhiteElo "2252"]
[BlackElo "2169"]
[PlyCount "55"]
[EventDate "2004.03.05"]
[EventType "tourn (corr)"]
[EventRounds "6"]
[SourceTitle "Corr 2008"]
[Source "ChessBase"]
[SourceDate "2008.06.24"]
[SourceVersion "1"]
[SourceVersionDate "2008.06.24"]
[SourceQuality "1"]

1. e4 c5 2. Nf3 Nc6 3. d4 cxd4 4. Nxd4 Nf6 5. Nc3 e5 6. Ndb5 d6 7. Bg5 a6 8. Na3 b5 9. Nd5 Be7 10. Bxf6 Bxf6 11. c3 Bb7 12. Nc2 Nb8 13. a4 bxa4 14. Rxa4 Nd7 15. Rb4 Rb8 16. Bc4 0-0 17. 0-0 Bg5 18. Qe2 Nc5 19. Rd1 Kh8 20. Ne1 a5 21. Rb5 Bc6 22. Rxb8 Qxb8 23. Nf3 Bh6 24. b4 axb4 25. cxb4 Bxd5 26. bxc5 Bxc4 27. Qxc4 dxc5 28. Qxc5 1/2-1/2

[Event "IECG WC.2008.P.00020 email"]
[Site "IECG email"]
[Date "2004.03.05"]
[Round "?"]
[White "Kabachev, Andrey Nikolaevich"]
[Black "Jordaan, Wayne"]
[Result "1-0"]
[WhiteElo "2169"]
[BlackElo "1443"]
[PlyCount "68"]
[EventDate "2004.03.05"]
[EventType "tourn (corr)"]
[EventRounds "6"]
[SourceTitle "Corr 2008"]
[Source "ChessBase"]
[SourceDate "2008.06.24"]
[SourceVersion "1"]
[SourceVersionDate "2008.06.24"]
[SourceQuality "1"]

1. d4 d5 2. c4 c6 3. Nf3 Nf6 4. Nc3 dxc4 5. a4 Bf5 6. Ne5 Nbd7 7. Nxc4 Nb6 8. Ne5 a5 9. g3 e6 10. Bg2 Bb4 11. 0-0 0-0 12. e3 h6 13. Qe2 Bh7 14. Rd1 Qe7 15. e4 Rfd8 16. Bf4 g5 17. Be3 Bxc3 18. bxc3 Bxe4 19. Bxg5 hxg5 20. Bxe4 c5 21. Bc2 cxd4 22. cxd4 Rac8 23. Rac1 Nfd5 24. Qh5 f6 25. Ng4 Qg7 26. Re1 Rc6 27. Bb3 Rxc1 28. Rxc1 Qh7 29. Qxh7+ Kxh7 30. Rc5 Kg6 31. Rxa5 Nc3 32. Bxe6 Ne2+ 33. Kg2 Nxd4 34. Ba2 Rd6 1-0

[Event "IECG WC.2008.P.00020 email"]
[Site "IECG email"]
[Date "2004.03.05"]
[Round "?"]
[White "Muttoni, Guillermo Cesar"]
[Black "Kabachev, Andrey Nikolaevich"]
[Result "1/2-1/2"]
[WhiteElo "2043"]
[BlackElo "2169"]
[PlyCount "47"]
[EventDate "2004.03.05"]
[EventType "tourn (corr)"]
[EventRounds "6"]
[SourceTitle "Corr 2008"]
[Source "ChessBase"]
[SourceDate "2008.06.24"]
[SourceVersion "1"]
[SourceVersionDate "2008.06.24"]
[SourceQuality "1"]

1. d4 Nf6 2. c4 g6 3. Nc3 Bg7 4. e4 0-0 5. Nf3 d6 6. Be2 e5 7. 0-0 Nc6 8. d5 Ne7 9. Ne1 Ne8 10. Be3 f5 11. f3 f4 12. Bf2 g5 13. c5 Rf7 14. cxd6 cxd6 15. a4 Ng6 16. a5 Nf6 17. Nb5 a6 18. Bb6 Qe7 19. Nc7 Rb8 20. Ba7 Qxc7 21. Rc1 Qxa5 22. Bxb8 Qb6+ 23. Kh1 Bd7 24. Bc7 1/2-1/2

[Event "IECG WC.2008.P.00020 email"]
[Site "IECG email"]
[Date "2004.03.05"]
[Round "?"]
[White "Pecotic, Kuzma"]
[Black "Kabachev, Andrey Nikolaevich"]
[Result "1/2-1/2"]
[WhiteElo "1994"]
[BlackElo "2169"]
[PlyCount "129"]
[EventDate "2004.03.05"]
[EventType "tourn (corr)"]
[EventRounds "6"]
[SourceTitle "Corr 2008"]
[Source "ChessBase"]
[SourceDate "2008.06.24"]
[SourceVersion "1"]
[SourceVersionDate "2008.06.24"]
[SourceQuality "1"]

1. d4 Nf6 2. c4 g6 3. Nc3 Bg7 4. e4 0-0 5. Be3 d6 6. f3 e5 7. d5 Nh5 8. Qd2 f5 9. 0-0-0 a6 10. exf5 gxf5 11. Bd3 Nd7 12. Bg5 Qe8 13. Re1 Nc5 14. Bc2 b5 15. b4 Nb7 16. cxb5 axb5 17. Bd3 Bd7 18. Nge2 Qf7 19. g4 fxg4 20. fxg4 Bxg4 21. Rhg1 Bd7 22. Bh6 Kh8 23. Bxg7+ Nxg7 24. Be4 Nh5 25. Qh6 Nf6 26. Bd3 c5 27. dxc6 Bxc6 28. Rg5 Rg8 29. Rf1 Rxg5 30. Qxg5 Rf8 31. Ng3 Qg7 32. Qxg7+ Kxg7 33. Nxb5 d5 34. a4 e4 35. Nf5+ Kf7 36. Nfd4 Bxb5 37. Bxb5 Nd8 38. a5 Ne6 39. Nc6 Rg8 40. Kd1 Nc7 41. Be2 Ke6 42. Kd2 Rg2 43. Nd4+ Ke5 44. Ke3 Nfe8 45. Rf5+ Kd6 46. a6 Rxh2 47. a7 Rh3+ 48. Kf4 Ra3 49. Rf7 Rxa7 50. Bg4 Ne6+ 51. Bxe6 Rxf7+ 52. Bxf7 Nc7 53. Kf5 Na6 54. Nc2 Nb8 55. Kf4 Nc6 56. Be8 Ne5 57. Bh5 Nd3+ 58. Ke3 Ke5 59. b5 Nb2 60. Be2 Na4 61. Nd4 Kd6 62. Nb3 Ke5 63. Bf1 h5 64. Nd4 Kd6 65. Nb3 1/2-1/2

[Event "IECG CM.2003.0.00230 email"]
[Site "IECG email"]
[Date "2003.09.03"]
[Round "?"]
[White "Kabachev, Andrey Nikolaevich"]
[Black "Thiel, Thomas"]
[Result "1-0"]
[WhiteElo "2169"]
[BlackElo "2303"]
[PlyCount "73"]
[EventDate "2003.09.03"]
[EventType "tourn (corr)"]
[EventRounds "6"]
[SourceTitle "Corr 2008"]
[Source "ChessBase"]
[SourceDate "2008.06.24"]
[SourceVersion "1"]
[SourceVersionDate "2008.06.24"]
[SourceQuality "1"]

1. d4 Nf6 2. c4 g6 3. Nc3 d5 4. Nf3 Bg7 5. Bf4 0-0 6. Rc1 dxc4 7. e3 c5 8. Bxc4 cxd4 9. Nxd4 Bd7 10. 0-0 Nc6 11. Nb3 Na5 12. Be2 Rc8 13. Bf3 b5 14. Qe2 b4 15. Nd5 Nxb3 16. axb3 Nxd5 17. Bxd5 Qb6 18. Bc4 Be6 19. Rfd1 a5 20. h3 Bxc4 21. Rxc4 Qa6 22. Rdc1 a4 23. Kf1 Rxc4 24. Qxc4 Qf6 25. bxa4 Qxb2 26. Bg5 Rd8 27. Kg1 Bf8 28. e4 b3 29. g3 Ra8 30. Qd5 Rb8 31. Bf4 Qa3 32. Qd1 b2 33. Rb1 Rc8 34. e5 Qa2 35. Kh2 h6 36. h4 Bg7 37. a5 1-0

[Event "IECG CM.2003.0.00230 email"]
[Site "IECG email"]
[Date "2003.09.03"]
[Round "?"]
[White "Thomson, Thomas"]
[Black "Kabachev, Andrey Nikolaevich"]
[Result "0-1"]
[WhiteElo "2400"]
[BlackElo "2169"]
[PlyCount "62"]
[EventDate "2003.09.03"]
[EventType "tourn (corr)"]
[EventRounds "6"]
[SourceTitle "Corr 2008"]
[Source "ChessBase"]
[SourceDate "2008.06.24"]
[SourceVersion "1"]
[SourceVersionDate "2008.06.24"]
[SourceQuality "1"]

1. e4 c5 2. Nf3 Nc6 3. d4 cxd4 4. Nxd4 Nf6 5. Nc3 e5 6. Ndb5 d6 7. Bg5 a6 8. Na3 b5 9. Nd5 Be7 10. Bxf6 Bxf6 11. c3 Bb7 12. Nc2 Nb8 13. Nce3 Nd7 14. Bd3 Nc5 15. Bc2 Bg5 16. Qg4 0-0 17. Rd1 g6 18. 0-0 a5 19. a3 Kh8 20. Qe2 a4 21. Rd2 Ne6 22. g3 Nc7 23. Nb4 Qe7 24. Ned5 Nxd5 25. Nxd5 Qe8 26. f4 exf4 27. gxf4 Bd8 28. Qe3 Rc8 29. f5 Rc5 30. Kh1 Kg8 31. Qf3 Qe5 0-1

[Event "IECG CA.2002.0.00059 email"]
[Site "IECG email"]
[Date "2002.07.08"]
[Round "?"]
[White "De Clercq, Julien"]
[Black "Kabachev, Andrey Nikolaevich"]
[Result "1-0"]
[WhiteElo "2050"]
[BlackElo "2150"]
[PlyCount "95"]
[EventDate "2002.07.08"]
[EventType "tourn (corr)"]
[EventRounds "5"]
[SourceTitle "Corr 2008"]
[Source "ChessBase"]
[SourceDate "2008.06.24"]
[SourceVersion "1"]
[SourceVersionDate "2008.06.24"]
[SourceQuality "1"]

1. e4 c5 2. Nf3 Nc6 3. d4 cxd4 4. Nxd4 e5 5. Nb5 d6 6. N1c3 a6 7. Na3 b5 8. Nd5 Nge7 9. c4 Nd4 10. cxb5 Nxd5 11. exd5 Bd7 12. Be3 axb5 13. Bxd4 exd4 14. Bd3 Qa5+ 15. Kf1 b4 16. Nc4 Qc5 17. Qe2+ Kd8 18. Qf3 f5 19. h4 g6 20. Kg1 Bb5 21. Nd2 Bxd3 22. Qxd3 Qxd5 23. h5 Bg7 24. Nc4 Qc6 25. hxg6 d5 26. Nd2 hxg6 27. Rxh8+ Bxh8 28. Nf3 Kd7 29. Qd2 Qb6 30. a4 bxa3 31. bxa3 Bg7 32. Qa2 Qd6 33. Qb3 Rb8 34. Qd3 Rc8 35. Re1 Bf6 36. a4 Rc3 37. Qe2 d3 38. Qe8+ Kc7 39. Qxg6 Rc4 40. a5 Re4 41. Rb1 Qe6 42. Qh6 Rc4 43. Qf8 Kd7 44. Rb7+ Rc7 45. a6 Qxa6 46. Qf7+ Be7 47. Ne5+ Kc8 48. Rb1 1-0